000
00313nam a2200133Ia 4500
008
150201s2009 xx 000 0 und d
082
_a
616.075
_b
G09G
100
_a
GUPTA,M.L.
245
_a
GENERAL PATHOLOGY REVIEW
250
_a
1ST
260
_b
NINAD
_a
DELHI
_c
2009
650
_a
PATHOLOGY
942
_2
ddc
_c
BK
_0
12
999
_c
1211
_d
1211